00421nam a2200157Ia 45000010006000000050017000060080041000230410008000640820017000721000029000892450086001182600009002043000034002136500008002476540008002551360520260306164813.0260306t2011||||xx |||||||||||||| ||spa|| aESP a005.1bCH574 aChrissis, Mary BetheAUT 0aCMMI for development:bguidelines for process integration and product improvement c2011 axxiv, 650 páginas :c24 cm. aGEN aCCC